MARC details
| 000 -CABECERA |
| campo de control de longitud fija |
01890cam a2200349 i 4500 |
| 003 - IDENTIFICADOR DEL NÚMERO DE CONTROL |
| campo de control |
DO-SdBNP |
| 005 - FECHA Y HORA DE LA ÚLTIMA TRANSACCIÓN |
| campo de control |
20240301180540.0 |
| 007 - CAMPO FIJO DE DESCRIPCIÓN FÍSICA--INFORMACIÓN GENERAL |
| campo de control de longitud fija |
ta |
| 008 - DATOS DE LONGITUD FIJA--INFORMACIÓN GENERAL |
| campo de control de longitud fija |
751003s2011 sp 001 0 spa d |
| 020 ## - NÚMERO INTERNACIONAL ESTÁNDAR DEL LIBRO |
| Número Internacional Estándar del Libro |
9788420674261 |
| 040 ## - FUENTE DE LA CATALOGACIÓN |
| Centro catalogador/agencia de origen |
DO-SdBNP |
| Lengua de catalogación |
spa |
| Centro/agencia transcriptor |
BNPHU |
| Normas de descripción |
rda |
| 082 ## - NÚMERO DE LA CLASIFICACIÓN DECIMAL DEWEY |
| Número de documento/Ítem |
M392e |
| Número de edición |
22 |
| 100 1# - ENTRADA PRINCIPAL--NOMBRE DE PERSONA |
| Nombre de persona |
Marx, Karl, |
| Fechas asociadas al nombre |
1818-1883 |
| 9 (RLIN) |
30439 |
| 240 14 - TÍTULO UNIFORME |
| Título uniforme |
Das kapital. Kritik der politischen oekonomie |
| Lenguaje de la obra |
Español |
| 245 13 - MENCIÓN DE TÍTULO |
| Título |
El capital. Crítica de la economía política : |
| Resto del título |
antología / |
| Mención de responsabilidad, etc. |
Karl Marx, ; selección, introducción y notas César Rendueles ; Manuel Sacristán |
| 264 #1 - PRODUCCIÓN, PUBLICACIÓN, DISTRIBUCIÓN, FABRICACIÓN Y COPYRIGHT |
| Producción, publicación, distribución, fabricación y copyright |
Madrid, España : |
| Nombre del de productor, editor, distribuidor, fabricante |
Alianza editorial, |
| Fecha de producción, publicación, distribución, fabricación o copyright |
2010. |
| 264 #3 - PRODUCCIÓN, PUBLICACIÓN, DISTRIBUCIÓN, FABRICACIÓN Y COPYRIGHT |
| Fecha de producción, publicación, distribución, fabricación o copyright |
2016. 5ta. reimpresión |
| 264 #3 - PRODUCCIÓN, PUBLICACIÓN, DISTRIBUCIÓN, FABRICACIÓN Y COPYRIGHT |
| Fecha de producción, publicación, distribución, fabricación o copyright |
2017. 6ta. reimpresión |
| 300 ## - DESCRIPCIÓN FÍSICA |
| Extensión |
521 páginas |
| Dimensiones |
18 cm. |
| 336 ## - TIPO DE CONTENIDO |
| Fuente |
rdacontent |
| Término de tipo de contenido |
texto |
| Código de tipo de contenido |
txt |
| 337 ## - TIPO DE MEDIO |
| Fuente |
rdamedia |
| Nombre/término del tipo de medio |
sin mediación |
| Código del tipo de medio |
n |
| 338 ## - TIPO DE SOPORTE |
| Fuente |
rdacarrier |
| Nombre/término del tipo de soporte |
volumen |
| Código del tipo de soporte |
nc |
| 490 1# - MENCIÓN DE SERIE |
| Mención de serie |
Ciencias sociales |
| 500 ## - NOTA GENERAL |
| Nota general |
Incluye Índice de conceptos. |
| 500 ## - NOTA GENERAL |
| Nota general |
La biblioteca posee la quinta y sexta reimpresión del 2016-2017. |
| 520 ## - SUMARIO, ETC. |
| Sumario, etc. |
Por su colosal ambición, que habría de destinarla a quedar inacabada, por su carácter de obra cumbre de su autor y por la influencia que, de un modo u otro, ha ejercido en la historia del mundo, El capital suele ser una obra más citada que leída, más imaginada que estudiada y, por supuesto, objeto de las más variadas manipulaciones, interpretaciones y descalificaciones. La presente antología selecciona lo fundamental de esta obra clave y anima a acercarse a ella con una perspectiva nueva, desprovista de prejuicios que permita valorar en su justa e importante medida la aportación de Karl Marx al debate económico. |
| 590 ## - NOTA LOCAL (RLIN) |
| Nota local |
Inventariado, 2023/ YL |
| 700 1# - PUNTO DE ACCESO ADICIONAL--NOMBRE DE PERSONA |
| Nombre de persona |
Sacristán, Manuel |
| Término indicativo de función/relación |
traducción |
| 9 (RLIN) |
42669 |
| 700 1# - PUNTO DE ACCESO ADICIONAL--NOMBRE DE PERSONA |
| Nombre de persona |
Rendueles, César |
| Término indicativo de función/relación |
selección, introducción y notas |
| 9 (RLIN) |
84411 |
| 910 ## - DATOS DE OPCIÓN DEL USUARIO (OCLC) |
| Datos de opción del usuario |
Ylockward |
| 942 ## - ELEMENTOS DE PUNTO DE ACCESO ADICIONAL (KOHA) |
| Fuente del sistema de clasificación o colocación |
Dewey Decimal Classification |
| Tipo de ítem Koha |
Libro |